000 00393nam a2200157Ia 4500
008 230711s9999||||xx |||||||||||||| ||und||
041 _aENG
082 _a621.092
_bBH-M
100 _aBhandari,VB
245 0 _aDesign of machine elements
250 _a1st
260 _c1995
_aNew Delhi
_bTata McGraw Hill Education Limited
300 _a753
650 _aMechanical Engineering
942 _cBK
999 _c3289
_d3289